Central Library OPAC University of Rajshahi

Mandates : (Record no. 27430)

MARC details
000 -LEADER
fixed length control field 00818nam a2200265I 4500
001 - CONTROL NUMBER
control field 27430
003 - CONTROL NUMBER IDENTIFIER
rucl marc code BD-RjUL
005 - DATE AND TIME OF LATEST TRANSACTION
control field 20211209051144.0
008 - FIXED-LENGTH DATA ELEMENTS--GENERAL INFORMATION
fixed length control field 140325s1937 enkaf 00110 eng
035 ## - SYSTEM CONTROL NUMBER
System control number (BD-RjUL)27504
040 ## - CATALOGING SOURCE
Original cataloging agency DLC
Transcribing agency IBC
Modifying agency BOS
-- BD-RjUL
Language of cataloging eng
041 ## - LANGUAGE CODE
Language code of text/sound track or separate title eng
082 ## - DEWEY DECIMAL CLASSIFICATION NUMBER
Classification number 967.8
Author mark and year MAM 1937
090 ## - LOCALLY ASSIGNED LC-TYPE CALL NUMBER (OCLC); LOCAL CALL NUMBER (OCLC)
Classification number (OCLC) (R) ; Classification number, CALL (RLIN) (NR) D650.T4
Local cutter number (OCLC) ; Book number/undivided call number, CALL (RLIN) F37
100 10 - MAIN ENTRY--PERSONAL NAME
Personal name Macaulay, Neil.
9 (RLIN) 84254
245 10 - TITLE STATEMENT
Title Mandates :
Remainder of title reasons, results, remedies /
Statement of responsibility, etc. by Neil Macaulay; forward by Sir Edward Grigg ... and twelve illustrations.
260 ## - PUBLICATION, DISTRIBUTION, ETC. (IMPRINT)
Place of publication, distribution, etc. London :
Name of publisher, distributor, etc. Methuen & co. ltd.,
Date of publication, distribution, etc. 1937.
300 ## - PHYSICAL DESCRIPTION
Pagination x p., 2.l., 213 p. :
Illustrations front., plates. ;
Size 19 cm.
504 ## - BIBLIOGRAPHY, ETC. NOTE
Bibliography, etc Includes index.
650 #0 - SUBJECT ADDED ENTRY--TOPICAL TERM
Topical term or geographic name as entry element Mandates.
9 (RLIN) 84255
Topical term or geographic name as entry element Mandates
Geographic subdivision Tanzania.
9 (RLIN) 84256
651 #0 - SUBJECT ADDED ENTRY--GEOGRAPHIC NAME
Geographic name Germany
General subdivision Colonies.
9 (RLIN) 79846
942 ## - ADDED ENTRY ELEMENTS (KOHA)
Source of classification or shelving scheme Dewey Decimal Classification
Koha item type Books
Holdings
Lost status Source of classification or shelving scheme Damaged status Not for loan Collection code Permanent Location Current Location Shelving location Date acquired Source of acquisition Cost, normal purchase price Total Checkouts Full call number Date last seen Copy number Koha item type
  Dewey Decimal Classification   Added to bundle Non-fiction Central Library, University of Rajshahi Central Library, University of Rajshahi Reading Room 12/11/1966 A. I. Qurshi 4.69   967.8 MAM 1937 25/03/2014 C-1 Books